Technologie povrchových úprav kovů /

Salvato in:
Dettagli Bibliografici
Autore principale: Mohyla, Miroslav (Autore)
Natura: Libro
Lingua:ceco
Pubblicazione: Ostrava VŠB TU 2006
Edizione:3. vyd.
Soggetti:
Tags: Aggiungi Tag
Nessun Tag, puoi essere il primo ad aggiungerne!!

MARC

LEADER 00000nam a22000003a 4500
001 0091829
003 SK-STU
005 20211129104502.7
007 ta
008 211129s ----xo-----e------000-0-----d
020 |a 80-248-1217-7 
040 |a STU  |b slo 
041 0 |a cze 
044 |a xr 
100 1 |a Mohyla, Miroslav  |4 aut 
245 1 0 |a Technologie povrchových úprav kovů /  |c aut. Miroslav Mohyla 
250 |a 3. vyd. 
260 |a Ostrava  |b VŠB TU  |c 2006 
300 |a 156 s. 
650 0 7 |a obrábanie 
650 0 7 |a povrchová úprava kovov 
996 |b 284M088931  |c M* S-1733-1  |l MMKN  |s A  |a 24  |w 0091829_0001 
996 |b 284M088932  |c M* S-1733-2  |l MMKN  |s A  |a 24  |w 0091829_0002